| 000 | 00726nam a2200217Ia 4500 | ||
|---|---|---|---|
| 008 | 191130s2002##################000#0#eng## | ||
| 020 | _a9780262740241 | ||
| 022 | _a2001056231 | ||
| 040 |
_aACL _cACL |
||
| 082 | _a363.70526 YOU | ||
| 100 | _aYoung, Oran R | ||
| 245 |
_aThe institutional dimensions of environmental change : fit, interplay, and scale _cOran R. Young |
||
| 260 |
_aCambridge, MA _bMIT Press _cc2002 |
||
| 300 | _axv, 221 p. ; 23 cm | ||
| 500 | _aIncludes bibliographical references (p. [197]-210) and index | ||
| 650 | _aEnvironmental policy - International cooperation | ||
| 650 | _aGlobal environmental change | ||
| 990 | _ab1713b30ac10000c25c8a327b389e2df | ||
| 991 | _a347266 | ||
| 999 |
_c54123 _d54123 |
||